[Event "9th EUROPEAN  INDIVIDUAL  WOME"]
[Site "Plovdiv, Bulgaria"]
[Date "2008.05.02"]
[Round "11"]
[Board "1"]
[White "Raeva, Elitsa"]
[Black "Klinova, Masha"]
[Result "1-0"]
[WhiteElo "2258"]
[BlackElo "2318"]
[PlyCount "111"]
[EventDate "2008.04.21"]
[EventRounds "11"]
[EventCountry "BUL"]

1.d4 d6 2.e4 Nf6 3.f3 e5 4.dxe5 dxe5 5.Qxd8+ Kxd8 6.Bc4 Ke8 7.Be3 Nbd7 8.Nd2 Bc5
9.Ke2 Ke7 10.Nh3 Bxe3 11.Kxe3 Nb6 12.Nf2 Rd8 13.Nd3 Nfd7 14.Bb3 f6 15.g3 a5
16.a4 Nf8 17.f4 exf4+ 18.gxf4 Be6 19.Rhg1 Bxb3 20.cxb3 Kf7 21.Rac1 c6 22.Nc5
Rab8 23.Nf3 Nbd7 24.Nd3 g6 25.h4 Re8 26.h5 Nb6 27.Nh4 Rbd8 28.Rcd1 Nd5+ 29.Kf3
Nc7 30.hxg6+ hxg6 31.f5 g5 32.Ng2 Na6 33.Ne3 Nb4 34.Nxb4 axb4 35.Nc4 Ke7 36.Na5
Rxd1 37.Rxd1 Rb8 38.Rd4 c5 39.Rd1 Nd7 40.Rh1 Kd6 41.Nc4+ Kc6 42.Rh7 b6 43.Ne3
Ne5+ 44.Ke2 Rb7 45.Rh6 Rf7 46.Nc4 Nd7 47.e5 Re7 48.e6 Kd5 49.Ne3+ Ke5 50.exd7
Rxd7 51.Rh8 Kf4 52.Rh1 Re7 53.Rf1+ Ke4 54.Nc4 Rh7 55.Nxb6 Rh3 56.Nc4

[Event "9th EUROPEAN  INDIVIDUAL  WOME"]
[Site "Plovdiv, Bulgaria"]
[Date "2008.05.02"]
[Round "11"]
[Board "1"]
[White "Kochetkova, Julia"]
[Black "Marin, Irina Luiza"]
[Result "1-0"]
[WhiteElo "2316"]
[BlackElo "2182"]
[PlyCount "83"]
[EventDate "2008.04.21"]
[EventRounds "11"]
[EventCountry "BUL"]

1.e4 d6 2.d4 Nf6 3.Nc3 g6 4.Be3 c6 5.h3 Bg7 6.f4 b5 7.e5 Nfd7 8.a3 O-O 9.Nf3 a6
10.Bd3 c5 11.Be4 Ra7 12.dxc5 Nxc5 13.O-O Rd7 14.Qe1 Nxe4 15.Nxe4 Bb7 16.Neg5
dxe5 17.fxe5 e6 {Diagram #} 18.Nxh7 Re8 19.Nfg5 Bxe5 20.Qf2 {Diagram #} f5
21.Rae1 Rxh7 22.Nxh7 Kxh7 23.Bb6 Bc7 24.Be3 e5 25.Rd1 Qf6 26.Rfe1 g5 27.Bc5 f4
28.Bd6 {Diagram #} Bd8 29.Qa7 Re7 30.Qxb8 Bb6+ 31.Kh2 Rg7 32.Qf8 Rf7 33.Bxe5
Rxf8 34.Bxf6 Bxg2 35.Re7+ Kg6 36.Bc3 f3 37.Re6+ Kf5 38.Rxb6 Kf4 39.Rd4+ Ke3
40.Re6+ Kf2 41.Rd2+ Kf1 42.Rd1+

[Event "9th EUROPEAN  INDIVIDUAL  WOME"]
[Site "Plovdiv, Bulgaria"]
[Date "2008.05.02"]
[Round "11"]
[Board "1"]
[White "Juergens, Vera"]
[Black "Worek, Joanna"]
[Result "0-1"]
[WhiteElo "2302"]
[BlackElo "2244"]
[PlyCount "186"]
[EventDate "2008.04.21"]
[EventRounds "11"]
[EventCountry "BUL"]

1.Nf3 Nf6 2.g3 d6 3.d4 c6 4.Bg2 Nbd7 5.O-O e5 6.dxe5 dxe5 7.a4 Be7 8.Na3 O-O
9.Nc4 Qc7 10.a5 Re8 11.c3 Bf8 12.Qc2 h6 13.b4 Rb8 14.Rd1 b5 15.axb6 axb6 16.Nh4
b5 17.Na5 Rb6 18.Be3 c5 19.h3 Ra6 20.Qb2 c4 21.Qc2 Nb8 22.Nf5 Bd7 23.g4 e4
24.Ng3 h5 25.gxh5 Bd6 26.Rxd6 Qxd6 27.Rd1 Qc7 28.Qd2 Qc8 29.Kh2 Bc6 30.h6 g6
31.Bd4 Qe6 32.Nxc6 Nxc6 33.Bxf6 Qxf6 34.Qe3 Qe5 35.Bxe4 Ne7 36.f4 Qf6 37.Bd5 Rf8
38.Ne4 Qh4 39.h7+ Qxh7 40.Ng5 Nxd5 41.Rxd5 Qh4 42.Rxb5 Rf6 43.Qg3 Qxf4 44.Qxf4
Rxf4 45.Kg3 Rf1 46.Rc5 Re8 47.Rxc4 Rxe2 48.h4 Re3+ 49.Kg2 Rc1 50.Rc8+ Kg7 51.Rc7
Rexc3 52.Rxf7+ Kg8 53.Rf6 R1c2+ 54.Kg1 Rc6 55.Ne6 Rd6 56.Rf8+ Kh7 57.Ng5+ Kg7
58.Rf7+ Kg8 59.Rf1 Rdd2 60.Nf3 Rg2+ 61.Kh1 Rgf2 62.Kg1 Rg2+ 63.Kh1 Rg4 64.b5 Rb4
65.Rg1 Kh7 66.Rg5 Rf2 67.Rg3 Rb1+ 68.Rg1 Rxb5 69.Ng5+ Kh6 70.Rc1 Rb4 71.Kg1 Ra2
72.Nf3 Rg4+ 73.Kh1 Rf2 74.Ne5 Rxh4+ 75.Kg1 Rf5 76.Re1 Rg5+ 77.Kf2 Rf4+ 78.Nf3
Ra5 79.Kg3 Rb4 80.Rh1+ Kg7 81.Rc1 Ra3 82.Rc7+ Kh6 83.Rf7 Rbb3 84.Kg4 Rxf3
85.Rxf3 Rxf3 86.Kxf3 Kh5 87.Kg3 Kg5 88.Kf3 Kh4 89.Kf2 g5 90.Kg2 Kg4 91.Kh2 Kf3
92.Kh1 Kg3 93.Kg1 g4

[Event "9th EUROPEAN  INDIVIDUAL  WOME"]
[Site "Plovdiv, Bulgaria"]
[Date "2008.05.02"]
[Round "11"]
[Board "1"]
[White "Butuc, Maria"]
[Black "Shaidullina, Sandugach"]
[Result "1/2-1/2"]
[WhiteElo "2137"]
[BlackElo "2298"]
[PlyCount "87"]
[EventDate "2008.04.21"]
[EventRounds "11"]
[EventCountry "BUL"]

1.e4 c5 2.Nf3 Nc6 3.Bb5 d6 4.O-O Bd7 5.Re1 Nf6 6.c3 a6 7.Bf1 Bg4 8.d3 e6 9.Nbd2
Nd7 10.h3 Bh5 11.g4 Bg6 12.Bg2 Rc8 13.Nf1 Be7 14.Bf4 Nde5 15.d4 cxd4 16.cxd4
Nxf3+ 17.Bxf3 e5 18.Be3 Bf6 19.dxe5 dxe5 20.Qxd8+ Bxd8 21.Rac1 f6 22.Ng3 Ba5
23.Red1 O-O 24.Nf5 Rcd8 25.Bc5 Rxd1+ 26.Rxd1 Rd8 27.Kf1 Bf7 28.Rxd8+ Bxd8 29.Nd6
Bxa2 30.Nxb7 Bc7 31.Be2 a5 32.Nd6 Nd4 33.Bc4+ Bxc4+ 34.Nxc4 Nb3 35.Bd6 Bd8
36.Ke2 Kf7 37.Kd3 Ke6 38.f4 exf4 39.Bxf4 Nc5+ 40.Kd4 Nb3+ 41.Kc3 Nc5 42.Kd4 Nb3+
43.Kc3 Nc5 44.Kd4

[Event "9th EUROPEAN  INDIVIDUAL  WOME"]
[Site "Plovdiv, Bulgaria"]
[Date "2008.05.02"]
[Round "11"]
[Board "1"]
[White "Schuurman, Petra"]
[Black "Kazimova, Narmin"]
[Result "1-0"]
[WhiteElo "2295"]
[BlackElo "2071"]
[PlyCount "91"]
[EventDate "2008.04.21"]
[EventRounds "11"]
[EventCountry "BUL"]

1.d4 Nf6 2.c4 e6 3.Nf3 b6 4.g3 Ba6 5.Qc2 c5 6.d5 exd5 7.cxd5 Bb7 8.Bg2 Nxd5
9.O-O Be7 10.Ne5 Qc7 11.Qe4 Bc6 12.Nxc6 dxc6 13.Nc3 Nxc3 14.bxc3 O-O 15.Bf4 Bd6
16.Bxd6 Qxd6 17.Rad1 Qf6 18.Rd3 a5 19.Rfd1 Ra7 20.Rd6 Qxc3 21.Rd8 Qf6 22.Qe8
{Diagram #} Qe7 23.Qxf8+ Qxf8 24.Rxf8+ Kxf8 25.Rd8+ Ke7 26.Rxb8 b5 27.Bxc6 b4
28.Ba4 Kd6 29.Kf1 c4 30.Ke1 Ke5 31.Kd2 Ra6 32.Rb5+ Ke6 33.Rc5 c3+ 34.Kc2 Rd6
35.Rc6 Rxc6 36.Bxc6 Kd6 37.Ba4 Kc5 38.Kd3 f6 39.f4 Kd5 40.e4+ Kc5 41.h4 g6 42.g4
h6 43.g5 hxg5 44.f5 gxh4 45.fxg6 h3 46.Bd1

[Event "9th EUROPEAN  INDIVIDUAL  WOME"]
[Site "Plovdiv, Bulgaria"]
[Date "2008.05.02"]
[Round "11"]
[Board "1"]
[White "Bulmaga, Irina"]
[Black "Fakhiridou, Ekaterini"]
[Result "1-0"]
[WhiteElo "2106"]
[BlackElo "2292"]
[PlyCount "85"]
[EventDate "2008.04.21"]
[EventRounds "11"]
[EventCountry "BUL"]

1.e4 c5 2.Nf3 e6 3.c3 b6 4.d4 Bb7 5.Bd3 Be7 6.O-O Nf6 7.Re1 d6 8.Nbd2 cxd4
9.cxd4 O-O 10.Nf1 Nc6 11.Bd2 e5 12.Bc3 Nd7 13.Ne3 Bf6 14.Bc2 Rc8 15.Rc1 g6
16.Qd2 Bg7 17.Rcd1 b5 18.a3 Re8 19.dxe5 Ndxe5 20.Nxe5 dxe5 21.Qd7 Rc7 22.Qg4 Nd4
23.Ba5 Qc8 24.Bxc7 Qxg4 25.Nxg4 Nxc2 26.Re2 Nd4 27.Red2 f6 28.f3 h5 29.Ne3 Bf8
30.Rd3 Kf7 31.Ba5 Bc5 32.Kh1 f5 33.Nd5 h4 34.Bb4 Bxb4 35.axb4 Rd8 36.Nc3 Rc8
37.Nxb5 fxe4 38.Nd6+ Ke6 39.Rxd4 exd4 40.Nxc8 exf3 41.Nxa7 Ke5 42.Kg1 fxg2 43.b5

[Event "9th EUROPEAN  INDIVIDUAL  WOME"]
[Site "Plovdiv, Bulgaria"]
[Date "2008.05.02"]
[Round "11"]
[Board "1"]
[White "Voicu, Carmen"]
[Black "Pavlidou, Ekaterini"]
[Result "1/2-1/2"]
[WhiteElo "2290"]
[BlackElo "1978"]
[PlyCount "212"]
[EventDate "2008.04.21"]
[EventRounds "11"]
[EventCountry "BUL"]

1.e4 c5 2.Nf3 e6 3.d3 d5 4.Qe2 Nf6 5.g3 Be7 6.Bg2 O-O 7.O-O Nc6 8.e5 Nd7 9.c4 d4
10.h4 h6 11.Re1 Qc7 12.Bf4 Rb8 13.Nbd2 b5 14.b3 Ba6 15.Nh2 bxc4 16.dxc4 Rfd8
17.Ng4 Bf8 18.Be4 Kh8 19.Bb1 Ne7 20.Nxh6 gxh6 21.Qh5 Ng6 22.Bxh6 Bg7 23.Nf3 Ndf8
24.Bxg7+ Kxg7 25.Qg4 Bb7 26.h5 Bxf3 27.Qxf3 Nxe5 28.h6+ Kxh6 29.Qf4+ Kg7 30.Rxe5
Ng6 31.Bxg6 fxg6 32.Qg5 Qf7 33.Rxc5 Rf8 34.Qe5+ Qf6 35.Rd1 Qxe5 36.Rxe5 Kf6
37.f4 Rfd8 38.Rd3 Rb7 39.Kg2 Rh7 40.Re4 Rdh8 41.a4 Rh2+ 42.Kf3 Rb2 43.Rexd4 Rb8
44.Rd7 R2xb3 45.Rxb3 Rxb3+ 46.Kg4 Rb4 47.Rxa7 Rxc4 48.Ra5 Rb4 49.Kf3 Rb3+ 50.Kg2
Rb4 51.Kh3 Rc4 52.Kg4 Rb4 53.Kh3 Rc4 54.Ra6 Rb4 55.a5 Ra4 56.Ra8 Ra3 57.a6 Kg7
58.Kh4 Ra4 59.Kg5 Ra5+ 60.Kg4 Ra4 61.a7 Ra5 62.Kh4 Kh7 63.g4 Kg7 64.g5 Ra4
65.Kg3 Ra3+ 66.Kg4 Kh7 67.Re8 Rxa7 68.Rxe6 Kg7 69.Kf3 Ra4 70.Re7+ Kf8 71.Rd7 Kg8
72.Ke3 Kf8 73.Rd4 Ra5 74.Ke4 Rf5 75.Rd5 Rf7 76.Rd6 Kg7 77.Rd5 Kg8 78.Rd4 Rf5
79.Rd5 Rf7 80.Rd8+ Kg7 81.Ke5 Rf5+ 82.Ke4 Rf7 83.Re8 Rf5 84.Re5 Rf7 85.Ra5 Kg8
86.Ra8+ Kg7 87.Ra6 Rf5 88.Ra7+ Kg8 89.Ra8+ Kg7 90.Ra6 Rf7 91.Re6 Rf5 92.Re5 Rf7
93.Ke3 Kg8 94.Re4 Kg7 95.Kd4 Rf5 96.Re7+ Kf8 97.Re4 Kf7 98.Kc4 Kf8 99.Kd4 Kf7
100.Ke3 Kg7 101.Re7+ Kf8 102.Ra7 Kg8 103.Ke4 Kf8 104.Rb7 Kg8 105.Re7 Kf8 106.Re5
Rf7

[Event "9th EUROPEAN  INDIVIDUAL  WOME"]
[Site "Plovdiv, Bulgaria"]
[Date "2008.05.02"]
[Round "11"]
[Board "1"]
[White "Golubenko, Valentina"]
[Black "Komiagina, Maria"]
[Result "1-0"]
[WhiteElo "2253"]
[BlackElo "2285"]
[PlyCount "109"]
[EventDate "2008.04.21"]
[EventRounds "11"]
[EventCountry "BUL"]

1.d4 Nf6 2.Nf3 g6 3.c4 Bg7 4.Nc3 d6 5.e4 O-O 6.Be2 e5 7.O-O Na6 8.Re1 c6 9.Bf1
Bg4 10.d5 Ne8 11.h3 Bd7 12.Rb1 f5 13.b4 fxe4 14.Nxe4 Bf5 15.Ba3 Nf6 16.Bd3 cxd5
17.Nxf6+ Qxf6 18.Bxf5 gxf5 19.Qxd5+ Rf7 20.b5 Nc7 21.Qxd6 e4 22.Qxf6 Bxf6 23.Nd2
Rd7 24.Nb3 Rd3 25.Bb4 b6 26.Nc1 Rd7 27.Ne2 Rad8 28.Ng3 e3 29.Nxf5 exf2+ 30.Kxf2
a5 31.bxa6 Nxa6 32.Be7 Bxe7 33.Nxe7+ Kf7 34.Nd5 Nc7 35.Nxb6 Rd6 36.Rb3 Ne6
37.Nd5 Rc8 38.Rb7+ Kf8 39.Re4 Ra8 40.Rxh7 Rxa2+ 41.Kg1 Ra1+ 42.Kh2 Rf1 43.Re7
Ng7 44.Rb7 Nf5 45.Rf4 Rxf4 46.Nxf4 Rc6 47.c5 Kg8 48.Nd3 Ne3 49.Rb6 Rc7 50.c6 Rc8
51.Ne5 Nd5 52.Rb7 Nc7 53.Nd7 Na6 54.Rb6 Ra8 55.h4

[Event "9th EUROPEAN  INDIVIDUAL  WOME"]
[Site "Plovdiv, Bulgaria"]
[Date "2008.05.02"]
[Round "11"]
[Board "1"]
[White "Majdan, Joanna"]
[Black "Makka, Ioulia"]
[Result "1-0"]
[WhiteElo "2338"]
[BlackElo "2204"]
[PlyCount "123"]
[EventDate "2008.04.21"]
[EventRounds "11"]
[EventCountry "BUL"]

1.c4 e5 2.Nc3 Nc6 3.g3 d6 4.Bg2 Be6 5.d3 Qd7 6.Rb1 Nge7 7.e4 a5 8.a3 Nd4 9.b4
axb4 10.axb4 b5 11.cxb5 Nxb5 12.Nge2 Nxc3 13.Nxc3 g6 14.d4 Bg7 15.d5 Bh3 16.O-O
h5 17.Qe2 Bxg2 18.Kxg2 h4 19.g4 h3+ 20.Kh1 Rh4 21.Rg1 f6 22.Be3 Kf7 23.f3 Rhh8
24.Rgc1 Ra3 25.Bd2 Rha8 26.Qf1 R3a7 27.Be3 Rb7 28.b5 Rh8 29.Rc2 Qd8 30.Ra1 Bh6
31.Bg1 Bf4 32.Rca2 f5 33.gxf5 gxf5 34.Ne2 fxe4 35.Nxf4 exf4 36.Qc4 Qd7 37.b6
cxb6 38.Qxe4 Qf5 39.Qxf5+ Nxf5 40.Ra4 Kf6 41.Rxf4 Rh4 42.Re4 Re7 43.Rxh4 Nxh4
44.Bxb6 Nxf3 45.Bd8 Kf7 46.Bxe7 Kxe7 47.Ra3 Ng5 48.Re3+ Kf6 49.Kg1 Kf5 50.Kf2
Kf4 51.Ke2 Kg4 52.Re6 Kf5 53.Rxd6 Ke5 54.Rh6 Ne4 55.Kd3 Nf2+ 56.Kc4 Ne4 57.Re6+
Kf4 58.Rxe4+ Kxe4 59.d6 Kf3 60.d7 Kg2 61.d8=Q Kxh2 62.Qh4

[Event "9th EUROPEAN  INDIVIDUAL  WOME"]
[Site "Plovdiv, Bulgaria"]
[Date "2008.05.02"]
[Round "11"]
[Board "1"]
[White "Gara, Anita"]
[Black "Bensdorp, Laura"]
[Result "1-0"]
[WhiteElo "2331"]
[BlackElo "2085"]
[PlyCount "59"]
[EventDate "2008.04.21"]
[EventRounds "11"]
[EventCountry "BUL"]

1.e4 c5 2.b3 d6 3.f4 Nc6 4.Bb5 Bd7 5.Bb2 a6 6.Bxc6 Bxc6 7.Nc3 Nf6 8.Qe2 e6 9.Nf3
Be7 10.d4 cxd4 11.Nxd4 Qb6 12.O-O-O O-O-O 13.Nxc6 Qxc6 14.Rd4 Kb8 15.Rhd1 Rc8
16.e5 Ne8 17.Rc4 Qd7 18.exd6 Bxd6 19.Rcd4 Qc7 20.g3 Ba3 21.Bxa3 Qxc3 22.Bb2 Qa5
23.Ra4 Qc5 24.Be5+ Nc7 25.Rc4 Qa3+ 26.Kb1 f6 27.Bd6 Qa5 28.Qxe6 Ka8 29.Bxc7 Rxc7
30.Rd5

[Event "9th EUROPEAN  INDIVIDUAL  WOME"]
[Site "Plovdiv, Bulgaria"]
[Date "2008.05.02"]
[Round "11"]
[Board "1"]
[White "Videnova, Iva"]
[Black "Petrenko, Svetlana"]
[Result "0-1"]
[WhiteElo "2178"]
[BlackElo "2314"]
[PlyCount "220"]
[EventDate "2008.04.21"]
[EventRounds "11"]
[EventCountry "BUL"]

1.e4 c5 2.Nf3 Nc6 3.d4 cxd4 4.Nxd4 Nf6 5.Nc3 d6 6.Bg5 e6 7.Qd2 Be7 8.O-O-O a6
9.f3 Qc7 10.h4 Bd7 11.Kb1 Rc8 12.Nxc6 Bxc6 13.Bf4 Rd8 14.Bd3 h5 15.Ne2 e5 16.Bg5
b5 17.Ng3 g6 18.f4 exf4 19.Nf5 gxf5 20.Qc3 b4 21.Qd4 fxe4 22.Bxf6 Rh6 23.Bxe7
Qxe7 24.Rde1 d5 25.Bxa6 Ra8 26.Be2 Qa7 27.Qxa7 Rxa7 28.Ref1 Rf6 29.Bxh5 Bb5
30.Re1 Rfa6 31.a3 bxa3 32.b3 a2+ 33.Ka1 Re6 34.c4 Bc6 35.Rhf1 Rh6 36.Bg4 Rxh4
37.cxd5 Bxd5 38.Rxf4 Kf8 39.g3 Rh2 40.Be2 Rc7 41.Bc4 Bxc4 42.bxc4 Rxc4 43.Rfxe4
Rxe4 44.Rxe4 Rg2 45.Re3 Kg7 46.Rf3 Kg6 47.Rc3 Kg5 48.Rb3 f5 49.Rc3 Rf2 50.Rc8
Kg4 51.Rg8+ Kf3 52.Rg5 Ke4 53.Rg4+ Ke5 54.Rg6 Rg2 55.Rg8 Kf6 56.Rf8+ Ke6 57.Re8+
Kf7 58.Re3 Kf6 59.Rc3 Rd2 60.Rf3 Kg5 61.Rc3 Kg4 62.Rc4+ Kh3 63.Rh4+ Kg2 64.Rh5
Rf2 65.Rg5 Kh3 66.Rg7 Kg2 67.Rg5 Kg1 68.Rg6 Kf1 69.Rg7 Kg1 70.Rg6 Kh2 71.Rg7 Kh3
72.Rg5 Kg2 73.Rg6 Kf3 74.Rg5 Ke4 75.Rg8 Rg2 76.Re8+ Kd4 77.Rd8+ Ke5 78.Re8+ Kf6
79.Rf8+ Ke6 80.Re8+ Kf7 81.Re5 Kf6 82.Re3 Rf2 83.Rc3 Re2 84.Rf3 Kg5 85.Rc3 Kg4
86.Rc4+ Re4 87.Rc3 Ra4 88.Rb3 Ra5 89.Rc3 Kh3 90.Rb3 Kg2 91.Rc3 Kf2 92.Rd3 Re5
93.Kxa2 Re3 94.Rd5 Rf3 95.Kb2 Kxg3 96.Kc2 f4 97.Kd2 Re3 98.Rg5+ Kf2 99.Rh5 Re8
100.Rd5 f3 101.Kd1 Kf1 102.Kd2 Re2+ 103.Kd1 Ra2 104.Rf5 Kf2 105.Rf8 Kg2 106.Rg8+
Kf1 107.Rf8 f2 108.Rd8 Ra1+ 109.Kd2 Kg2 110.Rg8+ Kh3

[Event "9th EUROPEAN  INDIVIDUAL  WOME"]
[Site "Plovdiv, Bulgaria"]
[Date "2008.05.02"]
[Round "11"]
[Board "1"]
[White "Levushkina, Elena"]
[Black "Isgandarova, Khayala"]
[Result "1/2-1/2"]
[WhiteElo "2291"]
[BlackElo "2193"]
[PlyCount "145"]
[EventDate "2008.04.21"]
[EventRounds "11"]
[EventCountry "BUL"]

1.e4 c6 2.d4 d5 3.exd5 cxd5 4.c4 Nf6 5.Nc3 g6 6.cxd5 Bg7 7.Qb3 O-O 8.Be2 Nbd7
9.Bf3 Nb6 10.Nge2 Bg4 11.Bxg4 Nxg4 12.O-O Qd7 13.Bf4 Rfd8 14.d6 exd6 15.Nb5 d5
16.h3 Nf6 17.Bc7 Re8 18.Bxb6 Rxe2 19.Nxa7 Ne4 20.Nb5 Qf5 21.Nc7 Rd8 22.Qf3 Qxf3
23.gxf3 Nd2 24.Nb5 Nxf1 25.Bxd8 Rxb2 26.a4 Nd2 27.Kg2 Nb3 28.Re1 h6 29.Re8+ Kh7
30.Bb6 Ra2 31.Re7 Rxa4 32.Nc3 Rc4 33.Nxd5 Rc6 34.Rxb7 Rd6 35.Ne3 Nxd4 36.Bc5 Rc6
37.Bxd4 Bxd4 38.Rxf7+ Bg7 39.Nf1 Rf6 40.Rd7 g5 41.Ng3 Kg6 42.Ne4 Re6 43.Rd5 Be5
44.Nc5 Re7 45.Nd3 Bc7 46.f4 Rf7 47.fxg5 hxg5 48.Rc5 Bf4 49.Rc6+ Kh5 50.Rc5 Rf6
51.Ne1 Bd6 52.Rd5 Bf4 53.Nf3 Kg6 54.Rd4 Kh5 55.Ne1 Bd6 56.Nd3 Bc7 57.Rd5 Bf4
58.Ne1 Kg6 59.Nf3 Rf7 60.h4 gxh4 61.Kh3 Bc7 62.Nxh4+ Kf6 63.Kg4 Ke6 64.Rd2 Rg7+
65.Kf3 Bb6 66.Re2+ Kf6 67.Ng2 Bxf2 68.Rxf2 Ke5 69.Nf4 Ra7 70.Re2+ Kf5 71.Re3 Ra5
72.Ne2 Ra4 73.Ng3+

[Event "9th EUROPEAN  INDIVIDUAL  WOME"]
[Site "Plovdiv, Bulgaria"]
[Date "2008.05.02"]
[Round "11"]
[Board "1"]
[White "Danelia, Mariam"]
[Black "Franciskovic, Borka"]
[Result "1/2-1/2"]
[WhiteElo "2129"]
[BlackElo "2240"]
[PlyCount "34"]
[EventDate "2008.04.21"]
[EventRounds "11"]
[EventCountry "BUL"]

1.d4 Nf6 2.c4 e6 3.Nc3 Bb4 4.Qc2 c5 5.dxc5 Bxc5 6.Nf3 Qb6 7.e3 Qc7 8.Bd3 a6
9.O-O b6 10.Ne4 Bb7 11.a3 Be7 12.Nxf6+ Bxf6 13.e4 d6 14.Be3 Nd7 15.Rac1 Nc5
16.b4 Nxd3 17.Qxd3 O-O

[Event "9th EUROPEAN  INDIVIDUAL  WOME"]
[Site "Plovdiv, Bulgaria"]
[Date "2008.05.02"]
[Round "11"]
[Board "1"]
[White "Ni, Viktorija"]
[Black "Paikidze, Nazi"]
[Result "0-1"]
[WhiteElo "2120"]
[BlackElo "2347"]
[PlyCount "86"]
[EventDate "2008.04.21"]
[EventRounds "11"]
[EventCountry "BUL"]

1.d4 Nf6 2.c4 e6 3.Nc3 Bb4 4.e3 b6 5.Nge2 Bb7 6.a3 Bxc3+ 7.Nxc3 d5 8.cxd5 exd5
9.b4 c6 10.Be2 O-O 11.O-O Re8 12.Qc2 Nbd7 13.Rd1 Qe7 14.Bf3 Nf8 15.a4 Ng6 16.g3
Qe6 17.Ba3 h5 18.b5 Rac8 19.Qb2 c5 20.a5 cxd4 21.Rxd4 Ne5 22.Bg2 Nc4 23.Rxc4
Rxc4 24.a6 d4 25.axb7 dxc3 26.Qc2 Ne4 27.Bc1 Qd5 28.Rxa7 Rb8 29.Qe2 Rc7 30.Ra4
f5 31.Qxh5 Qf7 32.Qd1 Rcxb7 33.Rd4 Re7 34.Ba3 Ree8 35.Rd7 c2 36.Qd4 Qf6 37.Qd5+
Kh8 38.Bxe4 Rxe4 39.Kg2 Qe6 40.Qd2 Rc4 41.Ra7 Re8 42.Bc1 Rc5 43.Qe2 Qd5+

[Event "9th EUROPEAN  INDIVIDUAL  WOME"]
[Site "Plovdiv, Bulgaria"]
[Date "2008.05.02"]
[Round "11"]
[Board "1"]
[White "Paulet, Iozefina"]
[Black "Sarakauskiene, Zivile"]
[Result "1-0"]
[WhiteElo "2308"]
[BlackElo "2198"]
[PlyCount "75"]
[EventDate "2008.04.21"]
[EventRounds "11"]
[EventCountry "BUL"]

1.e4 c5 2.Nc3 e6 3.Nf3 a6 4.d4 cxd4 5.Nxd4 Qc7 6.Bd3 Nc6 7.Nxc6 dxc6 8.Be3 Nf6
9.a4 Bb4 10.f4 e5 11.f5 c5 12.Qe2 Bd7 13.O-O Bc6 14.Nb5 axb5 15.axb5 O-O 16.bxc6
Qxc6 17.c3 Ba5 18.Bf2 Rfc8 19.Rfd1 h6 20.Bc4 Qxe4 21.Qxe4 Nxe4 22.Rd7 Kh8 23.Bh4
f6 24.Bd5 Bxc3 25.Rxa8 Rxa8 26.Bxe4 Ra1+ 27.Kf2 Be1+ 28.Ke2 Bxh4 29.g3 Bg5
30.Rd8+ Kh7 31.Bd5 h5 32.Bf7 g6 33.fxg6+ Kg7 34.Rg8+ Kh6 35.Rh8+ Kg7 36.Rh7+ Kf8
37.Bd5 Bh6 38.Rh8+

[Event "9th EUROPEAN  INDIVIDUAL  WOME"]
[Site "Plovdiv, Bulgaria"]
[Date "2008.05.02"]
[Round "11"]
[Board "1"]
[White "Cherednichenko, Svetlana"]
[Black "Gavasheli, Ana"]
[Result "1/2-1/2"]
[WhiteElo "2270"]
[BlackElo "2191"]
[PlyCount "130"]
[EventDate "2008.04.21"]
[EventRounds "11"]
[EventCountry "BUL"]

1.d4 d5 2.c4 e6 3.Nc3 Be7 4.Nf3 Nf6 5.Bg5 h6 6.Bh4 O-O 7.e3 Ne4 8.Bxe7 Qxe7
9.Qc2 Nxc3 10.Qxc3 Rd8 11.Rc1 c6 12.Bd3 Nd7 13.cxd5 exd5 14.O-O Nf6 15.b4 Ne4
16.Bxe4 dxe4 17.Nd2 Rd5 18.f3 Bf5 19.fxe4 Bxe4 20.Nxe4 Qxe4 21.Rf4 Qe6 22.Rcf1
Rd7 23.a4 Re8 24.R1f3 Qd5 25.b5 cxb5 26.Rf5 Qc4 27.Qxc4 bxc4 28.Rc5 Ree7 29.Rc8+
Kh7 30.Rxc4 Rc7 31.Rxc7 Rxc7 32.Rf5 Kg6 33.g4 b6 34.h4 f6 35.a5 Kf7 36.axb6 axb6
37.Rb5 Rb7 38.h5 Ke6 39.Kf2 Kd6 40.Kf3 Kc6 41.Rb4 g6 42.hxg6 Rg7 43.Kf4 Rxg6
44.Kf5 Rg5+ 45.Kxf6 b5 46.e4 Rxg4 47.e5 Rg1 48.e6 Rf1+ 49.Ke7 Rd1 50.Kf7 Rf1+
51.Ke7 Rd1 52.Kd8 Ra1 53.Ke8 Kd6 54.d5 Kxd5 55.e7 Kc5 56.Rh4 b4 57.Kf7 Rf1+
58.Kg6 Re1 59.Kf7 b3 60.Rh3 Kc4 61.Rxh6 Rxe7+ 62.Kxe7 b2 63.Rb6 Kc3 64.Kd6 Kc2
65.Rxb2+ Kxb2

[Event "9th EUROPEAN  INDIVIDUAL  WOME"]
[Site "Plovdiv, Bulgaria"]
[Date "2008.05.02"]
[Round "11"]
[Board "1"]
[White "Calzetta, Monica"]
[Black "Efroimski, Marsel"]
[Result "1-0"]
[WhiteElo "2264"]
[BlackElo "2081"]
[PlyCount "49"]
[EventDate "2008.04.21"]
[EventRounds "11"]
[EventCountry "BUL"]

1.e4 c5 2.Nc3 d6 3.f4 Nf6 4.Nf3 a6 5.a4 Nc6 6.Bc4 e6 7.Qe2 Be7 8.d3 O-O 9.O-O
Rb8 10.e5 Ne8 11.exd6 Nxd6 12.Be3 Nf5 13.Bf2 Qc7 14.Ne5 Ncd4 15.Qd2 b5 16.axb5
axb5 17.Ba2 f6 18.Ng4 h5 19.Ne3 Qxf4 20.Ne4 Nxc2 21.Nxc2 Qxd2 22.Nxd2 Rd8 23.Ne4
Rxd3 24.Nxc5 Kf7 25.Nxd3

[Event "9th EUROPEAN  INDIVIDUAL  WOME"]
[Site "Plovdiv, Bulgaria"]
[Date "2008.05.02"]
[Round "11"]
[Board "1"]
[White "Seps, Monika"]
[Black "Minina, Veronika"]
[Result "1/2-1/2"]
[WhiteElo "2237"]
[BlackElo "2148"]
[PlyCount "87"]
[EventDate "2008.04.21"]
[EventRounds "11"]
[EventCountry "BUL"]

1.e4 c5 2.Nf3 e6 3.d4 cxd4 4.Nxd4 Qb6 5.Nb3 Qc7 6.Nc3 a6 7.Bd3 b5 8.O-O Bb7
9.Re1 Nf6 10.Bg5 d6 11.Bxf6 gxf6 12.Qh5 Nc6 13.a4 b4 14.Ne2 O-O-O 15.Nf4 Kb8
16.c3 d5 17.exd5 Qxf4 18.dxc6 Rxd3 19.cxb7 Qc7 20.Rad1 Rxd1 21.Rxd1 bxc3 22.bxc3
Bd6 23.Rb1 Be5 24.Qe2 Qd6 25.c4 Bxh2+ 26.Kf1 Rg8 27.Qf3 Rg5 28.c5 Qf4 29.Qxf4+
Bxf4 30.c6 Rd5 31.g3 Bc7 32.Rc1 Rd6 33.Ke2 f5 34.Nd2 Bb6 35.Nf3 f6 36.Nd2 Kc7
37.Nb3 Ba7 38.Rh1 Rxc6 39.Rxh7+ Kb8 40.Rh8+ Kc7 41.Rc8+ Kxb7 42.Re8 Rc2+ 43.Kd3
Rxf2 44.Re7+

[Event "9th EUROPEAN  INDIVIDUAL  WOME"]
[Site "Plovdiv, Bulgaria"]
[Date "2008.05.02"]
[Round "11"]
[Board "1"]
[White "Jelica, Mara"]
[Black "Hairapetian, Anna"]
[Result "1-0"]
[WhiteElo "2206"]
[BlackElo "2115"]
[PlyCount "61"]
[EventDate "2008.04.21"]
[EventRounds "11"]
[EventCountry "BUL"]

1.e4 c5 2.Nc3 Nc6 3.f4 d6 4.Nf3 g6 5.Bb5 Bg7 6.O-O e6 7.Bxc6+ bxc6 8.d3 Ne7
9.Qe1 O-O 10.Qh4 Rb8 11.Kh1 f5 12.e5 d5 13.Na4 c4 14.Be3 d4 15.Bxd4 cxd3 16.Bxa7
Rb7 17.Bb6 Qd5 18.cxd3 Re8 19.Bf2 Rb4 20.b3 Ba6 21.Nc5 Bc8 22.d4 h6 23.Rfd1 Bd7
24.Ne1 g5 25.fxg5 Ng6 26.Qh5 Nf4 27.Qf3 Qxf3 28.Nxf3 Bc8 29.gxh6 Bxh6 30.Be3 Kh7
31.Bxf4

[Event "9th EUROPEAN  INDIVIDUAL  WOME"]
[Site "Plovdiv, Bulgaria"]
[Date "2008.05.02"]
[Round "11"]
[Board "1"]
[White "Ikonomopoulou, Maria"]
[Black "Bogumil, Tatiana"]
[Result "1-0"]
[WhiteElo "2050"]
[BlackElo "2194"]
[PlyCount "55"]
[EventDate "2008.04.21"]
[EventRounds "11"]
[EventCountry "BUL"]

1.d4 Nf6 2.c4 c5 3.d5 b5 4.cxb5 a6 5.Nc3 axb5 6.e4 b4 7.Nb5 d6 8.Bc4 Qb6 9.Nf3
Nbd7 10.Qe2 Ng4 11.Bf4 f6 12.h3 Nge5 13.Bxe5 dxe5 14.O-O g6 15.Qd3 Ba6 16.a4 Bb7
17.Rfd1 Rc8 18.a5 Qd8 19.Qb3 Bh6 20.d6 Nb8 21.dxe7 Qxe7 22.Nd6+ Kf8 23.Nxc8 Bxc8
24.a6 Nc6 25.Bd5 Na7 26.Qa4 Qc7 27.Bb7 Ke7 28.Rd5 {..}

[Event "9th EUROPEAN  INDIVIDUAL  WOME"]
[Site "Plovdiv, Bulgaria"]
[Date "2008.05.02"]
[Round "11"]
[Board "1"]
[White "Papadopoulou, Vera"]
[Black "Ivkina, Olga"]
[Result "1/2-1/2"]
[WhiteElo "2199"]
[BlackElo "2278"]
[PlyCount "99"]
[EventDate "2008.04.21"]
[EventRounds "11"]
[EventCountry "BUL"]

1.d4 Nf6 2.c4 g6 3.Nc3 Bg7 4.e4 d6 5.f3 O-O 6.Be3 a6 7.Bd3 Nc6 8.Nge2 Rb8 9.Rc1
Bd7 10.a3 e5 11.d5 Nd4 12.O-O Nxe2+ 13.Nxe2 c5 14.dxc6 bxc6 15.b4 a5 16.Qd2 axb4
17.axb4 d5 18.exd5 cxd5 19.cxd5 Nxd5 20.Bc5 Re8 21.Rfd1 Ba4 22.Bc2 Bxc2 23.Qxc2
Rb7 24.Nc3 Rd7 25.Nxd5 Rxd5 26.Qb3 Rxd1+ 27.Rxd1 Qh4 28.Bf2 Qg5 29.b5 e4 30.fxe4
Be5 31.b6 Bb8 32.Qd5 Qf4 33.g3 Qf3 34.Rf1 Qxe4 35.Qxe4 Rxe4 36.Rc1 Kg7 37.Rc8
Be5 38.Rc5 Bd4 39.Bxd4+ Rxd4 40.Rb5 Rd8 41.b7 Rb8 42.Rb6 Kf8 43.Kf2 Ke7 44.Kf3
Kd7 45.Kf4 h6 46.Ke5 Ke7 47.Kd5 Kd7 48.Ke5 Ke7 49.Kd5 Kd7 50.Ke5

[Event "9th EUROPEAN  INDIVIDUAL  WOME"]
[Site "Plovdiv, Bulgaria"]
[Date "2008.05.02"]
[Round "11"]
[Board "1"]
[White "Kursova, Maria"]
[Black "Cherednichenko, Elena"]
[Result "1-0"]
[WhiteElo "2322"]
[BlackElo "2155"]
[PlyCount "75"]
[EventDate "2008.04.21"]
[EventRounds "11"]
[EventCountry "BUL"]

1.d4 Nf6 2.Nf3 e6 3.c4 Bb4+ 4.Nbd2 b6 5.a3 Bxd2+ 6.Bxd2 Bb7 7.Bg5 O-O 8.e3 d6
9.Bd3 Nbd7 10.O-O h6 11.Bh4 Qe7 12.Nd2 c5 13.b4 Rfc8 14.Qe2 Qe8 15.Bg3 Qe7
16.Rac1 g6 17.Bh4 Qe8 18.f3 Kg7 19.Nb3 e5 20.Qf2 a5 21.b5 Qe6 22.d5 Qe8 23.Nd2
Rc7 24.g4 Bc8 25.Qg2 Raa7 26.Rce1 Qf8 27.g5 hxg5 28.Bxg5 Nh7 29.f4 f5 30.e4 Nxg5
31.Qxg5 exf4 32.exf5 Ne5 33.Rxf4 Qf6 34.Qxf6+ Kxf6 35.Ne4+ Kg7 36.f6+ Kf8
37.Nxd6 g5 38.Rxe5